000 00840cam a22002531 4500
001 sa 66007041
003 DLC
005 20260227112301.0
008 850513s1965 ii abch b 010 0 eng
010 _asa 66007041
025 _aPL480:I-E-6431
040 _aDLC/ICU
_cICU
_dDLC
050 0 0 _aQE35
_b.M65
082 0 0 _a550.8
110 2 _aMining, Geological and Metallurgical Institute of India.
245 1 0 _aDr. D.N. Wadia commemorative volume.
_c[Editor-in-chief: A.G. Jhingran.
260 _aCalcutta]
_c1965.
300 _axxiii, 833 p.
_billus., facsim., maps (part fold.) ports.
_c25 cm.
504 _aIncludes bibliographies.
650 0 _aGeology.
600 1 0 _aWadia, D. N.
_q(Darashaw Nosherwan),
_d1883-1969.
700 1 _aWadia, D. N.
_q(Darashaw Nosherwan),
_d1883-1969.
700 1 _aJhingran, Anant Gopal,
_d1908-
_eed.
999 _c70887
_d70887